|
|
|
|
| LEADER |
00876nam a2200241 a 4500 |
| 001 |
3904206 |
| 008 |
100105s1992 cau b 000 0 eng d |
| 010 |
|
|
|a \\\91003560
|
| 020 |
|
|
|a 0534161642
|
| 040 |
|
|
|a DLC
|c DLC
|d DLC
|d BD-DhAAL
|
| 082 |
0 |
0 |
|a 320/.01/1
|2 21
|
| 245 |
0 |
0 |
|a Justice :
|b alternative political perspectives /
|c edited by James P. Sterba.
|
| 250 |
|
|
|a 2nd ed.
|
| 260 |
|
|
|a Belmont, Calif. :
|b Wadsworth Pub.,
|c c1992.
|
| 300 |
|
|
|a ix, 348 p. ;
|c 23 cm.
|
| 504 |
|
|
|a Includes bibliographical references (p. 346-348).
|
| 541 |
1 |
|
|e 00010296
|
| 650 |
|
0 |
|a Justice.
|
| 700 |
1 |
|
|a Sterba, James P.
|
| 740 |
0 |
|
|a Alternative political perspectives.
|
| 852 |
4 |
|
|a Ayesha Abed Library
|j General shelf
|
| 999 |
|
|
|c 6706
|d 6706
|
| 952 |
|
|
|0 0
|1 0
|2 ddc
|4 0
|6 320_011000000000000_JUS_1992
|7 0
|9 6882
|a BRACUL
|b BRACUL
|c GEN
|d 2010-01-06
|l 0
|o 320.011 JUS
|p 3010010296
|r 2010-01-06
|t 1
|w 2010-01-06
|y BK
|